000 00281nam a2200121 i 4500
001 bg
245 0 0 _aMetody komputerowe w mechanice konstrukcji.
_nT.1.
260 _aWrocław,
_c1981.
040 _cBPK
041 _apol
942 _cKS
008 s pl f |000 0 pol
999 _c20562
_d20562
856 _uhttp://koha.tu.koszalin.pl/cgi-bin/koha/opac-detail.pl?biblionumber=20562
_yKatalog online BPK